Football : Vainqueurs de la ligue des champions (par année) - Statistiques

Statistiques générales
  • Ce quiz a été pris 824 fois
    189 depuis la dernière actualisation
  • Le résultat moyen est 42 sur 70
Statistiques - réponses
Année Club % Correct
2025 PSG
87%
1956 Real Madrid
83%
1957 Real Madrid
82%
2024 Real Madrid
82%
2023 Manchester City
81%
1958 Real Madrid
81%
2020 Bayern
80%
1959 Real Madrid
79%
2018 Real Madrid
79%
2022 Real Madrid
79%
2021 Chelsea
78%
2019 Liverpool
78%
2017 Real Madrid
78%
1960 Real Madrid
77%
2016 Real Madrid
77%
2013 Bayern
76%
2015 Barcelone
75%
2014 Real Madrid
75%
2011 Barcelone
73%
2009 Barcelone
72%
2004 Porto
72%
2012 Chelsea
71%
2008 Manchester United
71%
2007 Ac Milan
70%
2010 Inter Milan
69%
1993 OM
69%
2006 Barcelone
68%
1961 Benfica
68%
2000 Real Madrid
68%
1962 Benfica
66%
2005 Liverpool
66%
2002 Real Madrid
64%
2003 Ac Milan
63%
1998 Real Madrid
61%
2001 Bayern
59%
1997 Dortmund
59%
1999 Manchester United
59%
1994 Ac Milan
54%
1991 Etoile rouge de Belgrade
53%
1996 Juventus
51%
1979 Nottingham Forest
51%
1980 Nottingham Forest
51%
1995 Ajax
50%
1992 Barcelone
50%
1963 Ac Milan
49%
1971 Ajax
49%
1974 Bayern
49%
1975 Bayern
49%
1976 Bayern
49%
1972 Ajax
48%
1973 Ajax
48%
1967 Celtic
47%
1964 Inter Milan
47%
1982 Aston Villa
46%
1966 Real Madrid
46%
1965 Inter Milan
45%
1978 Liverpool
45%
1970 Feyenoord
44%
1977 Liverpool
44%
1983 Hambourg
43%
1981 Liverpool
43%
1968 Manchester United
43%
1984 Liverpool
42%
1986 Steaua Bucarest
41%
1969 Ac Milan
40%
1990 Ac Milan
40%
1989 Ac Milan
39%
1985 Juventus
39%
1988 PSV
37%
1987 Porto
36%
Aucun quiz correspondant
Distribution des résultats
% des personnes avec chaque résultat
Percentile par nombre de réponses
Votre historique - résultats
Vous n’avez pas pris ce quiz depuis la dernière actualisation